Statistics for Unique Baseball Feats

Click here to take the quiz!

General Stats

  • This quiz has been taken 1,053 times
  • The average score is 4 of 15

Answer Stats

Unique FeatAnswer% Correct
Seven Career No HittersNolan Ryan
94%
Threw a World Series Perfect GameDon Larsen
57%
Pitching a No Hitter with One HandJim Abbott
55%
Two Grand Slams in One InningFernando Tatis
49%
Oldest Pitcher to Earn a WinJamie Moyer
48%
Consecutive No HittersJohnny Vander Meer
28%
Only Player Killed by a PitchRay Chapman
24%
Oldest Player to Hit a HomerunJulio Franco
23%
Only Opening Day No HitterBob Feller
17%
Most Ballparks with a Homerun HitSammy Sosa
11%
Most Career Double Plays Grounded IntoCal Ripken Jr.
9%
Most Career Pinch Hit HomerunsMatt Stairs
8%
World Series Unassisted Triple PlayBill Wambsganss
5%
Most Career Outfield AssistsTris Speaker
5%
Grand Slam on First Major League PitchKevin Kouzmanoff
4%

Score Distribution

Percentile by Number Answered

Percent of People with Each Score

Your Score History

You have not taken this quiz